[Event "FIN-ch op"]
[Site "Naantali"]
[Date "2013.07.02"]
[Round "3"]
[White "Jarvela, Jari"]
[Black "Niemi, Kalle"]
[Result "0-1"]
[WhiteElo "2188"]
[BlackElo "2326"]
[PlyCount "84"]
[EventDate "2013.07.01"]
[EventType "swiss"]
[EventRounds "9"]
[EventCountry "FIN"]
[SourceTitle "EXT 2014"]
[Source "ChessBase"]
[SourceDate "2013.11.20"]
[SourceVersion "1"]
[SourceVersionDate "2013.11.20"]
[SourceQuality "1"]

1. d4 Nf6 2. c4 c5 3. d5 e6 4. Bg5 exd5 5. cxd5 h6 6. Bh4 d6 7. Nc3 g5 8. Bg3 Nh5 9. e4 Nxg3 10. hxg3 a6 11. f4 b5 12. Nf3 Bg7 13. Qd2 Nd7 14. Be2 Ra7 15. e5 dxe5 16. fxg5 hxg5 17. Rxh8+ Bxh8 18. 0-0-0 Nb6 19. Nxg5 Bf5 20. Nge4 Kf8 21. Nxc5 Na4 22. Rf1 Nxc5 23. Rxf5 b4 24. Na4 Nxa4 25. Qxb4+ Kg8 26. Qg4+ Bg7 27. Rg5 f5 28. Qxf5 Qb8 29. Qe6+ Rf7 30. b3 Nc5 31. Qg4 e4 32. Bc4 Qd6 33. Qc8+ Rf8 34. Qg4 Qh6 35. d6+ Kh7 36. b4 Bf6 37. bxc5 Qxg5+ 38. Qxg5 Bxg5+ 39. Kc2 Rc8 40. Kc3 Rxc5 41. Kd4 Ra5 42. Kxe4 Kg6 0-1